00457nam a22001577a 4500003000400000005001700004008004100021020001800062040000800080082001100088100001900099245008000118250000900198260006200207650003000269OSt20250524144656.0250515b |||||||| |||| 00| 0 eng d a9789351524236 cddc a616.15 aNayak, Ramadas aEssentials in Hematology and Clinical PathologycRamadas Nayak; Sharada Rai a2nd. aNew DelhibCBS Publishers and Distributors Pvt. Ltdc2024 vPhysiotherapyxHematology